000 00638nam a2200241Ia 4500
003 OSt
005 20220918214446.0
006 a|||||r|||| 00| 0
007 ta
008 220917b |||||||| |||| 00| 0 eng d
024 _a137,617
037 _cTextual
040 _aARTS
_cARTS
_beng
041 _2eng
_aeng
082 _aY:1v, M4
100 _aMoore Barrington
_9113079
245 0 _aPrivacy
_b studies in social and cultural history
260 _aNew York
_bM E Sharpe
_c1984
300 _axiii,328p.
_ccm.
650 _aSOCIOLOGY
942 _hY:1v, M4
_cTEXL
_2CC
999 _c260696
_d260696